Pandemie a systémové riziko v pojišťovnictví

Pretrvávajúca pandémia COVID-19 a dopady na spoločnosť a národné hospodárstvo. Zasiahnuté poisťovníctvo na strane nákladov aj výnosov. Vymedzenie systémového rizika. Globálne a systémovo dôležití poistitelia. Regulácia G-SIIs globálne systémovo dôležitých poistiteľov (Global Systemically Important I...

ver descrição completa

Na minha lista:
Detalhes bibliográficos
Autor principal: Mesršmíd, Jaroslav
Formato: Capítulo de Livro
Idioma:tcheco
Assuntos:
Tags: Adicionar Tag
Sem tags, seja o primeiro a adicionar uma tag!

MARC

LEADER 00000naa a2200000 4500
001 0273806
005 20210519141707.7
041 0 |a cze 
044 |a CZ 
245 1 0 |a Pandemie a systémové riziko v pojišťovnictví  |c Jaroslav Mesršmíd 
520 |a Pretrvávajúca pandémia COVID-19 a dopady na spoločnosť a národné hospodárstvo. Zasiahnuté poisťovníctvo na strane nákladov aj výnosov. Vymedzenie systémového rizika. Globálne a systémovo dôležití poistitelia. Regulácia G-SIIs globálne systémovo dôležitých poistiteľov (Global Systemically Important Insurers). 
610 2 0 |a pandémia 
610 2 0 |a koronavírus 
610 2 0 |a poistenci 
610 2 0 |a poistenie 
610 2 0 |a poisťovníctvo 
100 1 |a Mesršmíd, Jaroslav